Helping Senior Citizens

Bibliographic Details
Main Author: Baker, Rann
Format: Book
Language:English
Published: Kuala Lumpur : Pustaka Prinsip Sdn Bhd , 2008
Series:Malaysian Courtesy Series
Subjects:

MARC

LEADER 00000cam a2200000 7i4500
001 0000063229
005 20081201.0
008 081201 eng
020 |a 9789830534572 
090 0 0 |a J 823 Ran 
100 1 |a Baker, Rann 
245 1 1 |a Helping Senior Citizens   |c Rann Baker 
260 |a Kuala Lumpur :   |b Pustaka Prinsip Sdn Bhd ,   |c 2008 
300 |a 28p. :   |b ill.; ;   |c 19cm. 
440 0 |a Malaysian Courtesy Series 
650 0 0 |a Didactic fiction,English 
999 |a 316466   |b Buku   |c Koleksi Pinjaman Kanak-Kanak   |e Perbadanan Perpustakaan Awam Melaka 
999 |a 316467   |b Buku   |c Koleksi Pinjaman Kanak-Kanak   |e Perbadanan Perpustakaan Awam Melaka